000
00302nam a2200109Ia 4500
008
201217s9999 xx 000 0 und d
100
_a
Mumford, Lewis
245
0
_a
(The) Brown decades : A study of the arts in America 1865 - 1895
260
_a
New York
_b
Dover Publications
300
_a
128
942
_c
BK
999
_c
7379
_d
7379